Remote Sensing In Development And Managent Og Water Resources (Record no. 3116)

MARC details
000 -LEADER
fixed length control field 00291nam a22001217a 4500
041 ## - LANGUAGE CODE
Language code of text/sound track or separate title ENG
100 ## - MAIN ENTRY--PERSONAL NAME
Personal name Sahai.B
245 ## - TITLE STATEMENT
Title Remote Sensing In Development And Managent Og Water Resources
260 ## - PUBLICATION, DISTRIBUTION, ETC. (IMPRINT)
Place of publication, distribution, etc Deradun
Name of publisher, distributor, etc Indian Society Of Photo
Date of publication, distribution, etc 1983
300 ## - PHYSICAL DESCRIPTION
Extent 332
650 ## - SUBJECT ADDED ENTRY--TOPICAL TERM
Topical term or geographic name as entry element 48
856 ## - ELECTRONIC LOCATION AND ACCESS
Uniform Resource Identifier 48
Holdings
Withdrawn status Lost status Source of classification or shelving scheme Damaged status Not for loan Home library Current library Shelving location Date acquired Total Checkouts Barcode Date last seen Price effective from Koha item type
    Dewey Decimal Classification     College of Agricultural Engineering and Technology, Dapoli , Library College of Agricultural Engineering and Technology, Dapoli , Library Book Cart 17/12/2021   G00616 17/12/2021 17/12/2021 Books

Contact Us: College of Agricultural Engineering and Technology, Dapoli, Dist.- Ratnagiri
Website: https://dbskkv.org Email: caetlibrary2015@gmail.com